[Event "EYTCC Open U18 2018"]
[Site "Bad Blankeburg"]
[Date "2018.07.12"]
[Round "1"]
[White "Sahidi, Samir"]
[Black "Morgunov, Daniel"]
[Result "*"]
[WhiteElo "2300"]
[BlackElo "2346"]
[Annotator "NA"]
[PlyCount "55"]
[EventDate "2018.07.12"]
[EventType "swiss"]
[EventCountry "GER"]
[SourceTitle "playchess.com"]
[Source "ChessBase"]
[SourceQuality "1"]
[TimeControl "40/5400+30:1800+30"]

1. d4 {[%emt 0:00:23]} d5 {[%emt 0:00:00]} 2. Bf4 {[%emt 0:00:32]} Nf6 {[%emt 0:00:02]} 3. e3 {[%emt 0:00:25]} c5 {[%emt 0:00:27]} 4. c3 {[%emt 0:00:48]} Nc6 {[%emt 0:02:01]} 5. Nf3 {[%emt 0:00:19]} Qb6 {[%emt 0:00:20]} 6. Qb3 {[%emt 0:00:27]} c4 {[%emt 0:00:06]} 7. Qc2 {[%emt 0:00:04]} Bf5 {[%emt 0:00:13]} 8. Qc1 {[%emt 0:00:01]} e6 {[%emt 0:04:37]} 9. Be2 {[%emt 0:00:40]} Be7 {[%emt 0:01:07]} 10. O-O {[%emt 0:00:29]} h6 {[%emt 0:15:07]} 11. h3 {[%emt 0:01:14]} O-O {[%emt 0:00:59]} 12. Nbd2 {[%emt 0:00:19]} Qd8 {[%emt 0:01:37]} 13. Bg3 {[%emt 0:16:38]} b5 {[%emt 0:02:46]} 14. b3 {[%emt 0:01:45]} cxb3 {[%emt 0:24:37]} 15. axb3 {[%emt 0:00:51]} Qb6 {[%emt 0:02:06]} 16. c4 {[%emt 0:01:26]} Rfc8 {[%emt 0:07:03]} 17. c5 {[%emt 0:18:22]} Qb7 {[%emt 0:00:22]} 18. Qb2 {[%emt 0:05:21]} a6 {[%emt 0:13:03]} 19. b4 {[%emt 0:01:19]} Ne4 {[%emt 0:00:57]} 20. Nxe4 {[%emt 0:01:35]} Bxe4 {[%emt 0:00:02]} 21. Ne5 {[%emt 0:01:23]} Bf6 {[%emt 0:04:02]} 22. Nxc6 {[%emt 0:01:23]} Qxc6 {[%emt 0:00:06]} 23. Ra3 {[%emt 0:00:54]} Bd8 {[%emt 0:05:39]} 24. Rfa1 {[%emt 0:00:18]} Ra7 {[%emt 0:00:57]} 25. Qc1 {[%emt 0:04:51]} Rca8 {[%emt 0:01:46]} 26. Qf1 {[%emt 0:00:54]} Rb7 {[%emt 0:01:13]} 27. R3a2 {[%emt 0:04:59]} Kf8 {[%emt 0:02:00]} 28. Bd1 {[%emt 0:01:41]} *

[Event "EYTCC Open U18 2018"]
[Site "Bad Blankeburg"]
[Date "2018.07.12"]
[Round "1"]
[White "Sahidi, Samir"]
[Black "Morgunov, Daniel"]
[Result "0-1"]
[WhiteElo "2300"]
[BlackElo "2346"]
[Annotator "NA"]
[PlyCount "56"]
[EventDate "2018.07.12"]
[EventType "swiss"]
[EventCountry "GER"]
[SourceTitle "playchess.com"]
[Source "ChessBase"]
[SourceQuality "1"]
[TimeControl "40/5400+30:1800+30"]

1. d4 {[%emt 0:00:00]} Nf6 {[%emt 0:00:00]} 2. c4 {[%emt 0:00:00]} g6 {[%emt 0:00:00]} 3. Nc3 {[%emt 0:00:00]} Bg7 {[%emt 0:00:00]} 4. e4 {[%emt 0:00:00]} d6 {[%emt 0:00:00]} 5. Be2 {[%emt 0:00:06]} O-O {[%emt 0:00:00]} 6. Nf3 {[%emt 0:00:17]} e5 {[%emt 0:00:00]} 7. O-O {[%emt 0:00:34]} Nc6 {[%emt 0:00:36]} 8. d5 {[%emt 0:00:55]} Ne7 {[%emt 0:00:05]} 9. b4 {[%emt 0:00:27]} Nh5 {[%emt 0:02:34]} 10. Ne1 {[%emt 0:04:47]} Nf4 {[%emt 0:01:02]} 11. Nd3 {[%emt 0:00:53]} f5 {[%emt 0:04:22]} 12. Bf3 {[%emt 0:05:52]} g5 {[%emt 0:04:33]} 13. Bh5 {[%emt 0:03:53]} Neg6 {[%emt 0:11:35]} 14. c5 {[%emt 0:12:14]} g4 {[%emt 0:07:05]} 15. Bxg6 {[%emt 0:01:05]} hxg6 {[%emt 0:00:32]} 16. cxd6 {[%emt 0:04:00]} cxd6 {[%emt 0:01:13]} 17. Nb2 {[%emt 0:02:45]} Bd7 {[%emt 0:17:59]} 18. Bd2 {[%emt 0:01:22]} Rc8 {[%emt 0:02:53]} 19. Qb3 {[%emt 0:02:23]} Qh4 {[%emt 0:01:53]} 20. Nc4 {[%emt 0:05:47]} Rxc4 {[%emt 0:06:56]} 21. Qxc4 {[%emt 0:01:24]} Rc8 {[%emt 0:00:07]} 22. Qb3 {[%emt 0:00:52]} Kf7 {[%emt 0:01:07]} 23. g3 {[%emt 0:06:28]} Qh3 {[%emt 0:04:54]} 24. gxf4 {[%emt 0:01:21]} Rh8 {[%emt 0:00:48]} 25. Rfc1 {[%emt 0:01:43]} Qxh2+ {[%emt 0:00:20]} 26. Kf1 {[%emt 0:00:08]} Qh1+ {[%emt 0:00:04]} 27. Ke2 {[%emt 0:00:04]} Qf3+ {[%emt 0:00:03]} 28. Ke1 {[%emt 0:00:12]} Rh1# {[%emt 0:00:05]} 0-1

[Event "EYTCC Open U18 2018"]
[Site "Bad Blankeburg"]
[Date "2018.07.12"]
[Round "1"]
[White "Amon, Nejc"]
[Black "Teclaf, Pawel"]
[Result "1/2-1/2"]
[WhiteElo "2295"]
[BlackElo "2399"]
[Annotator "NA"]
[PlyCount "85"]
[EventDate "2018.07.12"]
[EventType "swiss"]
[EventCountry "GER"]
[SourceTitle "playchess.com"]
[Source "ChessBase"]
[SourceQuality "1"]
[TimeControl "40/5400+30:1800+30"]

1. e4 {[%emt 0:00:00]} c6 {[%emt 0:00:00]} 2. Nc3 {[%emt 0:00:06]} d5 {[%emt 0:00:00]} 3. Nf3 {[%emt 0:00:15]} Bg4 {[%emt 0:00:00]} 4. h3 {[%emt 0:00:09]} Bh5 {[%emt 0:01:48]} 5. exd5 {[%emt 0:07:47]} cxd5 {[%emt 0:00:31]} 6. g4 {[%emt 0:02:32]} Bg6 {[%emt 0:00:05]} 7. Ne5 {[%emt 0:00:09]} Nc6 {[%emt 0:00:06]} 8. Bb5 {[%emt 0:00:14]} Rc8 {[%emt 0:00:03]} 9. h4 {[%emt 0:10:35]} f6 {[%emt 0:02:59]} 10. Nxg6 {[%emt 0:01:49]} hxg6 {[%emt 0:00:01]} 11. d4 {[%emt 0:08:57]} e6 {[%emt 0:01:47]} 12. Be3 {[%emt 0:02:57]} Bb4 {[%emt 0:11:55]} 13. Qd3 {[%emt 0:16:40]} Nge7 {[%emt 0:01:10]} 14. Bd2 {[%emt 0:05:16]} Qa5 {[%emt 0:16:07]} 15. a3 {[%emt 0:08:59]} a6 {[%emt 0:02:01]} 16. Bxc6+ {[%emt 0:00:24]} Rxc6 {[%emt 0:01:03]} 17. Ne2 {[%emt 0:08:21]} Bxd2+ {[%emt 0:02:14]} 18. Qxd2 {[%emt 0:00:10]} Qxd2+ {[%emt 0:03:53]} 19. Kxd2 {[%emt 0:00:07]} Kf7 {[%emt 0:01:07]} 20. c3 {[%emt 0:04:59]} Nc8 {[%emt 0:05:27]} 21. Nf4 {[%emt 0:00:45]} Nd6 {[%emt 0:02:49]} 22. Nd3 {[%emt 0:01:25]} a5 {[%emt 0:08:42]} 23. a4 {[%emt 0:04:08]} b6 {[%emt 0:03:48]} 24. Kc2 {[%emt 0:01:55]} Nc4 {[%emt 0:01:52]} 25. Rae1 {[%emt 0:02:59]} Rb8 {[%emt 0:11:06]} 26. Ra1 {[%emt 0:00:16]} e5 {[%emt 0:06:21]} 27. dxe5 {[%emt 0:04:12]} fxe5 {[%emt 0:04:44]} 28. b3 {[%emt 0:01:56]} e4 {[%emt 0:00:02]} 29. Nf4 {[%emt 0:01:20]} Ne5 {[%emt 0:02:54]} 30. Nxd5 {[%emt 0:00:21]} Nxg4 {[%emt 0:00:41]} 31. Rae1 {[%emt 0:00:23]} Nf6 {[%emt 0:01:37]} 32. Nxf6 Rxf6 {[%emt 0:00:01]} 33. Rxe4 {[%emt 0:02:21]} Rxf2+ {[%emt 0:00:05]} 34. Kd3 {[%emt 0:00:06]} Rb2 {[%emt 0:02:22]} 35. b4 {[%emt 0:00:26]} Rd8+ {[%emt 0:01:14]} 36. Kc4 {[%emt 0:02:25]} Rc8+ {[%emt 0:02:07]} 37. Kb5 {[%emt 0:01:43]} Ra2 {[%emt 0:03:23]} 38. Kxb6 {[%emt 0:01:11]} Rxa4 {[%emt 0:00:09]} 39. Kb5 {[%emt 0:00:33]} Ra3 {[%emt 0:00:50]} 40. bxa5 {[%emt 0:00:13]} Rb8+ {[%emt 0:00:05]} 41. Kc4 {[%emt 0:30:48]} Rxa5 {[%emt 0:30:25]} 42. Rf1+ {[%emt 0:00:34]} Kg8 {[%emt 0:00:03]} 43. Rg1 {[%emt 0:00:26]} 1/2-1/2

[Event "EYTCC Open U18 2018"]
[Site "Bad Blankeburg"]
[Date "2018.07.12"]
[Round "1"]
[White "Haring, Viktor"]
[Black "Blohberger, Felix"]
[Result "*"]
[WhiteElo "2289"]
[BlackElo "2420"]
[Annotator "NA"]
[PlyCount "59"]
[EventDate "2018.07.12"]
[EventType "swiss"]
[EventCountry "GER"]
[SourceTitle "playchess.com"]
[Source "ChessBase"]
[SourceQuality "1"]
[TimeControl "40/5400+30:1800+30"]

1. d4 {[%emt 0:00:00]} d5 {[%emt 0:00:16]} 2. c4 {[%emt 0:00:06]} c6 {[%emt 0:00:09]} 3. cxd5 {[%emt 0:00:30]} cxd5 {[%emt 0:00:08]} 4. Bf4 {[%emt 0:00:07]} Nc6 {[%emt 0:00:24]} 5. e3 {[%emt 0:00:20]} Nf6 {[%emt 0:00:11]} 6. Nc3 {[%emt 0:00:09]} e6 {[%emt 0:00:13]} 7. Bd3 {[%emt 0:00:25]} Be7 {[%emt 0:00:08]} 8. Rc1 {[%emt 0:00:30]} O-O {[%emt 0:00:34]} 9. h3 {[%emt 0:00:12]} Bd7 {[%emt 0:00:10]} 10. Nf3 {[%emt 0:00:07]} Qa5 {[%emt 0:00:23]} 11. O-O {[%emt 0:02:39]} Rfc8 {[%emt 0:00:09]} 12. Qe2 {[%emt 0:10:37]} Be8 {[%emt 0:00:38]} 13. a3 {[%emt 0:00:47]} Qd8 {[%emt 0:01:13]} 14. Rc2 {[%emt 0:10:42]} Na5 {[%emt 0:05:39]} 15. Ne5 {[%emt 0:08:22]} Nd7 {[%emt 0:01:58]} 16. Qg4 {[%emt 0:20:15]} f5 {[%emt 0:13:22]} 17. Qg3 {[%emt 0:07:51]} Bh4 {[%emt 0:02:45]} 18. Qf3 {[%emt 0:04:07]} Nxe5 {[%emt 0:00:13]} 19. Bxe5 {[%emt 0:00:01]} Nc4 {[%emt 0:00:21]} 20. Bxc4 {[%emt 0:00:24]} Rxc4 {[%emt 0:00:08]} 21. Rd2 {[%emt 0:04:35]} Rac8 {[%emt 0:03:32]} 22. Ne2 {[%emt 0:09:49]} Qa5 {[%emt 0:05:33]} 23. Rdd1 {[%emt 0:02:42]} Rc2 {[%emt 0:00:10]} 24. Nf4 {[%emt 0:00:39]} Qa6 {[%emt 0:07:40]} 25. g3 {[%emt 0:07:05]} Bg5 {[%emt 0:04:09]} 26. Rb1 {[%emt 0:01:16]} Bh6 {[%emt 0:06:03]} 27. Rfd1 {[%emt 0:03:50]} Bb5 {[%emt 0:02:33]} 28. b3 {[%emt 0:01:23]} Bxf4 {[%emt 0:03:14]} 29. Qxf4 {[%emt 0:00:02]} h6 {[%emt 0:00:43]} 30. Qh4 {[%emt 0:02:05]} *

[Event "EYTCC Open U18 2018"]
[Site "Bad Blankeburg"]
[Date "2018.07.12"]
[Round "1"]
[White "Roseneck, Jonas"]
[Black "Lagunow, Raphael"]
[Result "1-0"]
[WhiteElo "2182"]
[BlackElo "2411"]
[Annotator "TA"]
[PlyCount "101"]
[EventDate "2018.07.12"]
[EventType "swiss"]
[EventCountry "GER"]
[SourceTitle "playchess.com"]
[Source "ChessBase"]
[SourceQuality "1"]

{[%evp 24,101,34,35,41,40,46,66,100,85,76,81,106,83,170,182,233,81,64,40,38,0,0,0,34,34,54,27,54,51,55,57,96,0,0,0,41,0,8,-12,-12,-19,0,0,70,15,38,22,27,-12,-14,-12,-9,-17,-16,-43,0,0,125,134,146,150,166,160,182,95,306,211,211,211,219,206,302,294,512,504,579,571,571,561]} 1. e4 c5 2. Nf3 Nc6 3. d4 cxd4 4. Nxd4 g6 5. c4 Nf6 6. Nc3 Nxd4 7. Qxd4 d6 8. f3 Bg7 9. Be3 O-O 10. Qd2 Be6 11. Rc1 Qa5 12. Bd3 {B36: Sicilian: Maroczy Bind: Gurgenidze System} (12. b3 Rfc8 13. Be2 a6 14. Na4 Qxd2+ 15. Kxd2 Nd7 16. g4 f5 17. gxf5 gxf5 18. Rhg1 Kh8 19. Bd3 f4 20. Bf2 Bf6 21. Nb6 Nxb6 22. Bxb6 Rg8 23. a4 Rxg1 24. Rxg1 a5 {½-½ (75) Malakhov,V (2686)-Guseinov,G (2646) Riadh 2017}) 12... Rfc8 13. b3 {LiveBook: 17 Games} Nd7 14. O-O {White is slightly better.} a6 15. f4 f5 16. exf5 Bxf5 $146 ({Predecessor:} 16... gxf5 17. Qc2 Bxc3 18. Qxc3 Qxc3 19. Rxc3 b5 20. Rfc1 bxc4 21. bxc4 Bxc4 22. Bxc4+ Rxc4 23. Rxc4 Nf6 {0-1 (23) Tuturin,S (2248)-Atalik,E (2336) Nizhnij Novgorod 1999}) 17. Bxf5 gxf5 18. Rf3 Bxc3 (18... Kh8 $16) 19. Rxc3 $18 {Strongly threatening Bd4.} Nf6 (19... Kf7 {was worth a try.} 20. Bd4 Nf6 21. Bxf6 exf6) 20. Qd3 $2 (20. Bd4 $18) 20... Ne4 $16 21. Rc1 e6 22. Rd1 Rc7 23. Bd4 Re8 24. a4 Rf7 25. Kh1 Kf8 26. Qe2 Ke7 27. Rfd3 Rg8 28. Bb2 (28. Qe3 $16) 28... Qc5 $11 {[#] ...Nf2+ is the strong threat.} 29. Bd4 Qc6 30. Rh3 Rg4 31. Rf3 h5 32. Ra1 a5 33. Qe1 h4 ({Black should try} 33... Rf8 $11) 34. Ra2 (34. h3 $14 Rg3 35. Rxg3 Nxg3+ 36. Kh2) 34... h3 35. Rxh3 Rxf4 36. Rh4 Rxh4 37. Qxh4+ Kd7 38. Re2 Kc7 39. Qh5 Qd7 40. Rxe4 Rh7 (40... fxe4 $11 {keeps the balance.} 41. Qxa5+ Kc8 42. Qa8+ Kc7 43. Qa5+ Kc8 44. Qa8+ Kc7 45. Qa5+) 41. Qg5 $16 e5 42. Rh4 exd4 43. Rxd4 {[%mdl 4096] Endgame KQR-KQR} Qe6 {[%cal Re6e1] [#]} 44. h3 ({Better is} 44. Qd2 $18) 44... b6 $2 (44... Qe1+ $16 {keeps fighting.} 45. Kh2 Rxh3+ 46. Kxh3 Qc3+ 47. g3 Qxd4) 45. Rf4 Rf7 46. Rf3 Qe5 47. Re3 Qa1+ (47... Qh8 {was called for.} 48. Kh2 Kd7) 48. Kh2 $18 Kc6 $2 (48... Qh8 49. Re2 Kd7) 49. Qg8 {White is clearly winning.} Qg7 50. Qc8+ Rc7 51. Qxf5 {Precision: White = 45%, Black = 37%.} 1-0

[Event "EYTCC Open U18 2018"]
[Site "Bad Blankeburg"]
[Date "2018.07.13"]
[Round "2"]
[White "Keymer, Vincent"]
[Black "Bronstein, Or"]
[Result "1/2-1/2"]
[WhiteElo "2466"]
[BlackElo "2350"]
[Annotator "TA"]
[PlyCount "108"]
[EventDate "2018.07.12"]
[EventType "swiss"]
[EventCountry "GER"]
[SourceTitle "playchess.com"]
[Source "ChessBase"]
[SourceQuality "1"]

{[%evp 29,108,0,15,-9,0,0,0,0,0,0,0,0,10,0,0,0,0,0,0,0,0,0,0,0,8,7,8,8,8,8,8,6,11,6,8,0,0,0,0,0,0,0,0,0,0,0,0,0,0,0,0,0,0,0,0,0,0,0,0,0,0,0,0,0,0,0,0,0,0,0,0,0,0,0,0,0,0,0,0,0,8]} 1. Nf3 d5 2. d4 Nf6 3. c4 e6 4. Nc3 c5 5. cxd5 Nxd5 6. e4 Nxc3 7. bxc3 cxd4 8. cxd4 Bb4+ 9. Bd2 Bxd2+ 10. Qxd2 O-O 11. Bc4 Nd7 12. O-O b6 13. Rad1 Bb7 14. Rfe1 Rc8 {D41: Queen's Gambit Declined: Semi-Tarrasch with 5 cxd5} 15. Bb3 h6 {[#] LiveBook: 17 Games. The position is equal.} 16. e5 $146 ({Predecessor:} 16. h3 Qe7 17. Re3 Nf6 18. Qe2 Rfd8 19. Ne5 Qb4 20. d5 exd5 21. exd5 Qd6 22. Nxf7 Kxf7 23. Re6 Re8 24. Ba4 Rxe6 25. dxe6+ Qxe6 26. Bb3 Bd5 {0-1 (26) Wojtaszek,R (2727)-Harikrishna,P (2753) Huaian 2016}) 16... Qe7 17. d5 Bxd5 18. Bxd5 exd5 19. Qxd5 Nc5 {[#] Threatens to win with ...Rfd8.} 20. Nd4 Qb7 21. Nf5 {Black must now prevent Qxb7.} Qxd5 22. Rxd5 Rfd8 23. Red1 Rxd5 24. Rxd5 $11 {[%mdl 4096] Endgame KRN-KRN} Kf8 25. g3 Ne6 26. Kf1 h5 27. Rd7 {Rxf7+! is the strong threat.} Rc7 28. Rxc7 Nxc7 {KN-KN} 29. Ke2 Nd5 30. a3 f6 31. exf6 Nxf6 32. Nd6 a6 33. f3 Nd7 34. Kd3 Ke7 35. Nf5+ Kf6 36. Ne3 Ke6 37. f4 g6 38. Kd4 Nc5 39. Nc4 Nd7 40. h3 b5 41. Nd2 Kf5 42. Nf1 Ke6 43. Ne3 a5 44. Ng2 Kf6 45. Ne1 Kf5 46. Nf3 b4 47. axb4 axb4 48. Nh4+ Kf6 49. Kc4 b3 50. Kxb3 Nc5+ 51. Kc4 Ne4 52. g4 hxg4 53. hxg4 g5 54. fxg5+ Ke5 {Precision: White = 83%, Black = 80%.} 1/2-1/2

[Event "EYTCC Open U18 2018"]
[Site "Bad Blankeburg"]
[Date "2018.07.13"]
[Round "2"]
[White "Kozak, Adam"]
[Black "Horvath, Dominik"]
[Result "1/2-1/2"]
[WhiteElo "2446"]
[BlackElo "2429"]
[Annotator "NA"]
[PlyCount "34"]
[EventDate "2018.07.12"]
[EventType "swiss"]
[EventCountry "GER"]
[SourceTitle "playchess.com"]
[Source "ChessBase"]
[SourceQuality "1"]
[TimeControl "40/5400+30:1800+30"]

1. Nf3 {[%emt 0:00:00]} d5 {[%emt 0:00:00]} 2. g3 {[%emt 0:00:00]} g6 {[%emt 0:00:00]} 3. Bg2 {[%emt 0:00:14]} Bg7 {[%emt 0:00:00]} 4. d4 {[%emt 0:00:07]} Nf6 {[%emt 0:00:27]} 5. O-O {[%emt 0:00:46]} O-O {[%emt 0:00:05]} 6. c4 {[%emt 0:00:05]} Nc6 {[%emt 0:00:27]} 7. Nbd2 {[%emt 0:13:30]} Be6 {[%emt 0:01:37]} 8. cxd5 {[%emt 0:07:51]} Bxd5 {[%emt 0:00:27]} 9. e3 {[%emt 0:03:23]} Ne4 {[%emt 0:02:04]} 10. Qc2 {[%emt 0:02:43]} f5 {[%emt 0:16:54]} 11. a3 {[%emt 0:02:54]} a5 $11 {[%emt 0:15:30]} 12. b3 {[%emt 0:11:28]} Nxd2 {[%emt 0:11:41]} 13. Bxd2 {[%emt 0:00:40]} Be4 {[%emt 0:00:08]} 14. Qc4+ {[%emt 0:01:09]} Bd5 {[%emt 0:00:10]} 15. Qc2 {[%emt 0:00:27]} Be4 {[%emt 0:00:04]} 16. Qc4+ {[%emt 0:03:56]} Bd5 {[%emt 0:00:11]} 17. Qc2 {[%emt 0:09:45]} Be4 {[%emt 0:00:04]} 1/2-1/2

[Event "EYTCC Open U18 2018"]
[Site "Bad Blankeburg"]
[Date "2018.07.13"]
[Round "2"]
[White "Blohberger, Felix"]
[Black "Szabo, Marton Mihaly"]
[Result "1/2-1/2"]
[WhiteElo "2420"]
[BlackElo "2371"]
[Annotator "NA"]
[PlyCount "54"]
[EventDate "2018.07.12"]
[EventType "swiss"]
[EventCountry "GER"]
[SourceTitle "playchess.com"]
[Source "ChessBase"]
[SourceQuality "1"]
[TimeControl "40/5400+30:1800+30"]

1. e4 {[%emt 0:00:00]} c5 {[%emt 0:00:46]} 2. Nf3 {[%emt 0:00:00]} e6 {[%emt 0:00:31]} 3. d4 {[%emt 0:00:27]} cxd4 {[%emt 0:00:15]} 4. Nxd4 {[%emt 0:00:09]} Bc5 {[%emt 0:02:31]} 5. Be3 {[%emt 0:01:26]} Qb6 {[%emt 0:01:10]} 6. Nb5 {[%emt 0:02:28]} Bxe3 {[%emt 0:00:17]} 7. fxe3 {[%emt 0:00:07]} Nc6 {[%emt 0:00:22]} 8. N1c3 {[%emt 0:07:17]} Qxe3+ {[%emt 0:00:46]} 9. Be2 {[%emt 0:00:36]} Kf8 {[%emt 0:00:10]} 10. Qd6+ {[%emt 0:30:23] LiveBook: 3 Games} Nge7 {[%emt 0:01:37]} 11. Rf1 {[%emt 0:00:51]} h5 {[%emt 0:06:16]} 12. Rd1 $11 {[%emt 0:10:26]} Rh6 {[%emt 0:08:34]} 13. Qc7 {[%emt 0:12:29]} Qg5 {[%emt 0:27:02]} 14. Nd6 {[%emt 0:05:41]} Rf6 {[%emt 0:01:19]} 15. Rxf6 {[%emt 0:01:52]} gxf6 {[%emt 0:04:11]} 16. Bb5 {[%emt 0:03:17]} Qh4+ {[%emt 0:06:18]} 17. g3 {[%emt 0:04:16]} Qxh2 {[%emt 0:02:04]} 18. Ne2 {[%emt 0:02:43]} h4 {[%emt 0:22:38]} 19. Bxc6 {[%emt 0:04:44]} Nxc6 {[%emt 0:00:47]} 20. Nxc8 {[%emt 0:02:59]} Ne5 {[%emt 0:00:48]} 21. Qc5+ {[%emt 0:04:17]} Kg7 {[%emt 0:00:15]} 22. gxh4 {[%emt 0:00:57]} b6 {[%emt 0:02:24]} 23. Qc3 {[%emt 0:00:47]} Qxh4+ {[%emt 0:02:11]} 24. Kd2 {[%emt 0:02:05]} Qg5+ {[%emt 0:00:42]} 25. Ke1 {[%emt 0:00:13]} Qh4+ {[%emt 0:00:44]} 26. Kd2 {[%emt 0:00:05]} Qh6+ {[%emt 0:00:32]} 27. Ke1 {[%emt 0:00:05]} Qh4+ {[%emt 0:01:50]} 1/2-1/2

[Event "EYTCC Open U18 2018"]
[Site "Bad Blankeburg"]
[Date "2018.07.13"]
[Round "2"]
[White "Janik, Igor"]
[Black "Engel, Luis"]
[Result "1-0"]
[WhiteElo "2420"]
[BlackElo "2459"]
[Annotator "ChessBase"]
[PlyCount "63"]
[EventDate "2018.07.12"]
[EventType "swiss"]
[EventCountry "GER"]
[SourceTitle "playchess.com"]
[Source "ChessBase"]
[SourceQuality "1"]
[TimeControl "40/5400+30:1800+30"]

1. e4 {[%emt 0:00:00]} c5 {[%emt 0:00:00]} 2. Nf3 {[%emt 0:00:00]} d6 {[%emt 0:00:00]} 3. Bb5+ {[%emt 0:00:00]} Nd7 {[%emt 0:00:00]} 4. O-O {[%emt 0:00:00]} a6 {[%emt 0:00:00]} 5. Bd3 {[%emt 0:00:00]} Ngf6 {[%emt 0:00:00]} 6. Re1 {[%emt 0:00:00]} e6 {[%emt 0:00:03]} 7. a4 {[%emt 0:00:00]} b6 {[%emt 0:03:04]} 8. c3 {[%emt 0:00:07]} Bb7 {[%emt 0:00:20]} 9. Na3 {[%emt 0:00:08]} Be7 {[%emt 0:01:12]} 10. Bc2 {[%emt 0:00:11]} Qc7 {[%emt 0:03:05]} 11. d3 {[%emt 0:02:13]} O-O {[%emt 0:01:18]} 12. Bf4 {[%emt 0:00:51]} Nh5 {[%emt 0:08:21]} 13. Be3 {[%emt 0:01:05]} d5 {[%emt 0:02:34]} 14. e5 {[%emt 0:04:15]} g6 {[%emt 0:02:22]} 15. d4 {[%emt 0:02:58]} Rac8 {[%emt 0:05:14]} 16. Rc1 {[%emt 0:04:34]} Nb8 {[%emt 0:02:32]} 17. Ng5 {[%emt 0:10:27]} Nc6 {[%emt 0:03:05]} 18. Nxh7 {[%emt 0:01:56]} Rfd8 {[%emt 0:03:58]} 19. Ng5 {[%emt 0:10:26]} cxd4 {[%emt 0:05:44]} 20. cxd4 {[%emt 0:02:38]} Bb4 {[%emt 0:11:54]} 21. Rf1 {[%emt 0:01:58]} Qe7 {[%emt 0:04:42]} 22. Qg4 {[%emt 0:04:27]} Nxe5 {[%emt 0:04:42]} 23. dxe5 {[%emt 0:00:13]} d4 {[%emt 0:00:05]} 24. Nxf7 {[%emt 0:03:05]} Qxf7 {[%emt 0:02:05]} 25. Bxg6 {[%emt 0:00:20]} Qg7 {[%emt 0:00:08]} 26. Rxc8 {[%emt 0:02:57]} Rxc8 {[%emt 0:00:22]} 27. Bc1 {[%emt 0:01:40]} d3 {[%emt 0:02:35]} 28. Be3 {[%emt 0:00:30]} Bd5 {[%emt 0:04:57]} 29. Bxh5 {[%emt 0:00:50]} d2 {[%emt 0:00:26]} 30. Qxg7+ {[%emt 0:05:08]} Kxg7 {[%emt 0:00:06]} 31. Be2 {[%emt 0:00:29]} Bb3 {[%emt 0:00:54]} 32. Bd1 {[%emt 0:02:01]} 1-0

[Event "EYTCC Open U18 2018"]
[Site "Bad Blankeburg"]
[Date "2018.07.13"]
[Round "2"]
[White "Lagunow, Raphael"]
[Black "Iliaguev, Nisim"]
[Result "1-0"]
[WhiteElo "2411"]
[BlackElo "2335"]
[Annotator "TA"]
[PlyCount "47"]
[EventDate "2018.07.12"]
[EventType "swiss"]
[EventCountry "GER"]
[SourceTitle "playchess.com"]
[Source "ChessBase"]
[SourceQuality "1"]

{[%evp 21,47,13,53,-24,-20,-53,-56,-71,79,62,77,75,83,76,72,81,65,85,93,94,91,96,328,311,325,303,353,337]} 1. e4 c5 2. Nf3 e6 3. d4 cxd4 4. Nxd4 Nc6 5. Nc3 Qc7 6. Be3 Nf6 7. Qd2 Bb4 8. f3 a6 9. O-O-O O-O {B48: Sizilianisch (Paulsen-Variante)} 10. g4 {[%cal Bg2g4,Bg4g5][%mdl 32]} b5 11. Kb1 (11. g5 Nh5 12. Kb1 Rb8 13. Nxc6 dxc6 14. f4 c5 15. Be2 g6 16. Bxh5 gxh5 17. f5 {1-0 (27) Saric,I (2657)-Bosiocic,M (2611) Batumi 2018}) 11... Bb7 {LiveBook: 14 Partien. Die Stellung ist ausgeglichen.} 12. Be2 (12. g5 $14 Ne8 13. Nxc6 Bxc6 14. a3) 12... Ne5 $146 ({Vorgänger:} 12... d6 13. g5 Nd7 14. h4 Nce5 15. Nb3 Rfc8 16. Bd4 {1-0 (36) Vatansever,B (1547)-Tandogan,B (1553) Konya 2010}) 13. Nb3 d5 {[%cal Rd5e4]} 14. g5 {[#]} Bxc3 (14... Nfd7 $1 $17 {und es läuft.}) 15. Qxc3 $16 ({Minderwertig wäre} 15. bxc3 Nfd7 $17) 15... Qxc3 16. bxc3 Nfd7 17. Na5 Rab8 18. Nxb7 Rxb7 19. exd5 Nc4 20. Bxc4 bxc4+ 21. Ka1 Nb6 $2 {[#]} (21... Re8 $16) 22. Rb1 $18 Rfb8 23. Bf4 Rd8 24. Rb2 {Precision: Weiß = 56%, Schwarz = 17%.} 1-0

[Event "EYTCC Open U18 2018"]
[Site "Bad Blankeburg"]
[Date "2018.07.13"]
[Round "2"]
[White "Lagunow, Raphael"]
[Black "Borhy, Marcell"]
[Result "*"]
[WhiteElo "2411"]
[BlackElo "2234"]
[Annotator "TA"]
[PlyCount "33"]
[EventDate "2018.07.12"]
[EventType "swiss"]
[EventCountry "GER"]
[SourceTitle "playchess.com"]
[Source "ChessBase"]
[SourceQuality "1"]

{[%evp 21,22,14,37]} 1. e4 c5 2. Nf3 e6 3. d4 cxd4 4. Nxd4 Nc6 5. Nc3 Qc7 6. Be3 Nf6 7. Qd2 Bb4 8. f3 a6 9. O-O-O O-O {B48: Sicilian: Taimanov: 5 Nc3 Qc7 6 Be3 a6 without Be2} 10. g4 b5 11. Kb1 Bb7 {LiveBook: 14 Games} {Predecessor:} 12. g5 $146 Nh5 13. a3 Be7 14. Nb3 Rfd8 15. Qf2 Rdb8 16. Bb6 Qc8 17. h4 {1-0 (33) Hansen,E (2603)-Van Foreest,J (2612) Wijk aan Zee 2017} *